[Event "Titled Tue 1st Jul Early"]
[Site "chess.com INT"]
[Date "2025.07.01"]
[Round "7"]
[White "Atoyan, Alberto"]
[Black "Chylewski, Patryk"]
[Result "1-0"]
[WhiteTitle "CM"]
[BlackTitle "IM"]
[WhiteElo "2302"]
[BlackElo "2319"]
[WhiteFideId "13314831"]
[BlackFideId "1186191"]
[EventDate "2025.07.01"]

1. e4 c6 2. d4 d5 3. exd5 cxd5 4. Bd3 Nc6 5. c3 Nf6 6. Bf4 Bg4 7. Qb3 Na5 8.
Qa4+ Bd7 9. Qc2 g6 10. Nf3 Bg7 11. O-O Nh5 12. Be3 O-O 13. Nbd2 Rc8 14. Ne5 Nc6
15. Nxc6 Bxc6 16. Nf3 Qc7 17. Rfe1 Rfe8 18. Ne5 Bxe5 19. dxe5 Qxe5 20. Bxa7 Qf6
21. Qd2 e5 22. Be3 Qd6 23. b4 f5 24. Be2 Nf6 25. f4 Ne4 26. Qc1 exf4 27. Bxf4
Qf6 28. c4 d4 29. Bd3 Nc3 30. Qd2 Qf7 31. Bf1 Rcd8 32. Bg5 Rd7 33. b5 Be4 34.
Rac1 Qe6 35. Bh6 Rc8 36. Qf4 Rcc7 37. a4 Qd6 38. Qh4 Qe7 39. Bg5 Qf7 40. a5 Na4
41. Bf4 Rc8 42. a6 bxa6 43. bxa6 d3 44. Red1 Nb2 45. Rd2 Nxc4 46. a7 Ra8 47. Ra2
Raxa7 48. Rxa7 Rxa7 49. Qd8+ Kg7 50. Qd4+ Kg8 51. Rxc4 Re7 52. Rc8+ Re8 53.
Rxe8+ Qxe8 54. Bh6 Qe7 55. Bxd3 Bxd3 56. Qxd3 Qe1+ 57. Qf1 Qe7 58. Kh1 Kf7 59.
Qa1 Qf6 60. Qxf6+ Kxf6 61. h4 Ke5 62. Kg1 f4 63. Kf2 Ke4 64. Bg5 h5 65. Bh6 Ke5
66. Kf3 Kf5 67. Bxf4 Kf6 68. Bg5+ Kf5 69. Ke3 Kg4 70. Ke4 Kg3 71. Ke5 Kxg2 72.
Kf6 1-0

[Event "Titled Tue 1st Jul Early"]
[Site "chess.com INT"]
[Date "2025.07.01"]
[Round "7"]
[White "Rustamov, Rustam"]
[Black "Habans Aguerrea, Javier"]
[Result "0-1"]
[WhiteTitle "FM"]
[BlackTitle "IM"]
[WhiteElo "2323"]
[BlackElo "2448"]
[WhiteFideId "13440110"]
[BlackFideId "24524689"]
[EventDate "2025.07.01"]

1. e4 c6 2. Nf3 d5 3. Nc3 dxe4 4. Nxe4 Nf6 5. Qe2 Nxe4 6. Qxe4 Nd7 7. Bc4 Nf6 8.
Qe2 Bf5 9. d4 e6 10. O-O Be7 11. Bd3 Bxd3 12. Qxd3 O-O 13. Re1 c5 14. Bg5 cxd4
15. Nxd4 h6 16. Bh4 Qb6 17. Nb3 Rfd8 18. Qf3 Rac8 19. c3 a5 20. Rab1 Nd5 21.
Bxe7 Nxe7 22. Nd4 Nc6 23. Nxc6 Rxc6 24. g3 Rd2 25. Re2 Rxc3 26. Qe4 Rxe2 27.
Qxe2 Rc6 28. Rd1 Rd6 29. b3 Rxd1+ 30. Qxd1 Qc7 31. Qd3 b6 32. h4 h5 33. a4 g6
34. Qd4 Qc5 35. Qe4 Kg7 36. Qf4 Qd5 37. Qe3 Qc5 38. Qd3 Kf6 39. Qf3+ Qf5 40. Qe3
Qc5 41. Qf3+ Kg7 42. Qd3 e5 43. Kg2 Qc6+ 44. Kg1 Qe6 45. Qe3 Qd6 46. Kg2 Qd5+
47. Kg1 Qd4 48. Qf3 e4 49. Qf4 Qd1+ 50. Kg2 Qxb3 51. Qe5+ Kg8 52. Qe8+ Kg7 53.
Qe5+ Kh7 54. Qxe4 Qe6 55. Qd4 Qc6+ 56. Kf1 b5 57. Qf4 Qd7 58. axb5 Qxb5+ 59. Kg1
Qd5 60. Qa4 Qc5 61. Qa2 Kg8 62. Qa4 Qc3 63. Kf1 Kg7 64. Ke2 Qb2+ 65. Kf1 Qb4 66.
Qa1+ Kg8 67. Qe5 a4 68. Qe8+ Kg7 69. Qe5+ Kh7 70. Qd5 Qb3 71. Qd4 a3 72. Kg2 Qb2
73. Qd5 Kg7 0-1

[Event "Titled Tue 1st Jul Early"]
[Site "chess.com INT"]
[Date "2025.07.01"]
[Round "7"]
[White "Ternault, Mathieu"]
[Black "Viskelis, Darius"]
[Result "1-0"]
[WhiteTitle "FM"]
[BlackTitle "FM"]
[WhiteElo "2276"]
[BlackElo "2146"]
[WhiteFideId "20641532"]
[BlackFideId "12800830"]
[EventDate "2025.07.01"]

1. e4 e5 2. Nf3 Nf6 3. Nxe5 d6 4. Nf3 Nxe4 5. d3 Nf6 6. d4 d5 7. Bd3 Bd6 8. Qe2+
Qe7 9. Qxe7+ Bxe7 10. Bf4 c6 11. Nc3 O-O 12. O-O h6 13. Rfe1 Be6 14. Be5 Nbd7
15. h3 Nxe5 16. Nxe5 Rfe8 17. Re2 Nd7 18. Nxd7 Bxd7 19. Rae1 Bb4 20. Rxe8+ Rxe8
21. Rxe8+ Bxe8 22. Ne2 Bd2 23. g4 Kf8 24. Kg2 Ke7 25. f4 g5 26. Kf3 f6 27. Ng3
Bxf4 28. Nf5+ Kf8 29. Nxh6 Bd7 30. h4 Bc1 31. h5 Bxb2 32. Ke3 b6 33. Nf5 Bxf5
34. Bxf5 Kg7 35. Kd3 c5 36. dxc5 bxc5 37. Be6 Kh6 38. Bxd5 f5 39. Be6 fxg4 40.
Bxg4 Bd4 41. Ke4 a5 42. Kd5 a4 43. Kc4 a3 44. c3 Be3 45. Kb5 Bd2 46. Kc4 Kg7 47.
Kd3 Be1 48. c4 Kf6 49. Ke4 Bc3 50. Bf5 Bd4 51. h6 Bc3 52. h7 Kg7 53. Kf3 Bf6 54.
Kg4 Kh8 55. Bc2 Kg7 56. Bd3 Kh8 57. Bb1 Kg7 58. Be4 Kh8 59. Kh5 Kg7 60. Bc2 Be7
61. Bf5 Bf6 62. Bd3 Be7 63. Kg4 Bf6 64. Kf5 Be7 65. Ke6 Bf6 66. Kd5 Be7 67. Ke6
Bd8 68. Kd7 Bf6 69. Kc6 Be7 70. Kd7 Bf6 71. Kd6 g4 72. Kxc5 g3 73. Be4 g2 74.
Bxg2 Kxh7 75. Kd6 Kg7 76. c5 1-0

[Event "Titled Tue 1st Jul Early"]
[Site "chess.com INT"]
[Date "2025.07.01"]
[Round "7"]
[White "Szalay-Ocsak, Bank"]
[Black "Raptis, Nick"]
[Result "1-0"]
[WhiteTitle "FM"]
[BlackTitle "FM"]
[WhiteElo "2209"]
[BlackElo "2220"]
[WhiteFideId "784923"]
[BlackFideId "2016850"]
[EventDate "2025.07.01"]

1. d4 Nf6 2. Nf3 g6 3. g3 Bg7 4. Bg2 O-O 5. O-O d6 6. Nc3 Nc6 7. e4 e5 8. a4 Bg4
9. dxe5 Nxe5 10. Bf4 Qe7 11. Bxe5 dxe5 12. Nd5 Nxd5 13. Qxd5 c6 14. Qb3 Rfd8 15.
a5 Be6 16. Qe3 Qb4 17. c3 Qb5 18. Rfb1 Qd3 19. Qxd3 Rxd3 20. Rd1 Rad8 21. Rxd3
Rxd3 22. Kf1 f6 23. Ke2 Rd7 24. Bf1 Bf8 25. Ke1 Kf7 26. b4 Be7 27. Nd2 f5 28.
Bc4 Bg5 29. Bxe6+ Kxe6 30. Nf3 Bf6 31. exf5+ gxf5 32. a6 b5 33. Nd2 e4 34. Rc1
Rd3 35. Nb1 Kd5 36. Ke2 Kc4 37. Nd2+ Kd5 38. c4+ bxc4 39. Nxc4 Rb3 40. Ne3+ Ke6
41. Rxc6+ Kf7 42. Rc7+ Ke6 43. Rc6+ Kf7 44. Rc7+ Ke6 45. Rxa7 Rb2+ 46. Kf1 Bd4
47. Rxh7 Rxb4 48. Nc2 Rb1+ 49. Kg2 Bc5 50. a7 Bxa7 51. Rxa7 Rb2 52. Ne3 Ke5 53.
Re7+ Kf6 54. Rh7 Kg6 55. Ra7 Kg5 56. Ra5 Kg6 57. Rxf5 Rb3 58. Rf4 Rb6 59. Rxe4
Rf6 60. Rf4 Ra6 61. h4 Kh5 62. Rf5+ Kh6 63. g4 Ra7 64. g5+ Kh5 65. Kg3 Ra1 66.
Rf8 Rg1+ 67. Kf3 Ra1 68. Rh8+ Kg6 69. Rh6+ Kg7 70. Rb6 Kf7 71. h5 Kg7 72. h6+
Kh7 73. Ng4 Ra3+ 74. Kg2 Ra4 75. g6+ Kg8 76. Rb8# 1-0

[Event "Titled Tue 1st Jul Early"]
[Site "chess.com INT"]
[Date "2025.07.01"]
[Round "7"]
[White "Gharibyan, Mamikon"]
[Black "Sanal, Vahap"]
[Result "1-0"]
[WhiteTitle "GM"]
[BlackTitle "GM"]
[WhiteElo "2495"]
[BlackElo "2550"]
[WhiteFideId "13308300"]
[BlackFideId "6300545"]
[EventDate "2025.07.01"]

1. e4 e5 2. Nf3 Nc6 3. Bb5 a6 4. Ba4 Nf6 5. O-O Be7 6. d3 b5 7. Bb3 d6 8. c3 O-O
9. h3 h6 10. Re1 Na5 11. Bc2 c5 12. d4 Qc7 13. d5 Bd7 14. b3 Kh8 15. Be3 Ng8 16.
Nbd2 g6 17. b4 Nb7 18. g4 a5 19. bxc5 Nxc5 20. Rb1 Rac8 21. Qe2 Qd8 22. Kh1 Rc7
23. a3 Qc8 24. Rg1 Kg7 25. Nf1 Na6 26. Bd2 b4 27. axb4 axb4 28. Bd3 Nc5 29. cxb4
Nxd3 30. Qxd3 Ba4 31. Ne3 Kh7 32. b5 Nf6 33. b6 Rb7 34. Rgc1 Qd7 35. Rb4 Ra8 36.
Kg2 Qe8 37. Rc7 Rxc7 38. bxc7 Rc8 39. Qc4 Bd7 40. Rb7 Qf8 41. Ba5 Ne8 42. Qb4 f5
43. exf5 gxf5 44. Nxf5 Bxf5 45. gxf5 Qg8+ 46. Qg4 Nf6 47. Qxg8+ Rxg8+ 48. Kf1
Nxd5 49. Rb8 Nxc7 50. Rxg8 Kxg8 51. Bxc7 Kf7 52. Nd2 Ke8 53. Ne4 Kd7 54. Bb8 d5
55. Nc3 Bd6 56. Ba7 Kc6 57. f3 Bb4 58. Nd1 Kd6 59. Ke2 Ke7 60. Ne3 Kd6 61. Bb8+
Kc6 62. f6 d4 63. Ng4 Kd5 64. f7 Ke6 65. Nxe5 Bf8 66. f4 h5 67. Kf3 h4 68. Ba7
Bg7 69. Bxd4 Bf8 70. Kg4 Kd5 71. Ba1 Ke6 72. Kxh4 Kf6 73. Nd7+ Ke6 74. Nxf8+ Kf5
75. Ne6 Ke4 76. f8=Q Kf3 77. f5 Ke4 78. Qc5 Kf3 79. f6 Kg2 80. f7 Kf1 81. f8=Q+
Ke2 82. Qff2+ Kd3 83. Qfe3# 1-0

[Event "Titled Tue 1st Jul Early"]
[Site "chess.com INT"]
[Date "2025.07.01"]
[Round "7"]
[White "Sakun, Volodymyr"]
[Black "King, Alexander"]
[Result "1-0"]
[WhiteTitle "FM"]
[BlackTitle "FM"]
[WhiteElo "2301"]
[BlackElo "2263"]
[WhiteFideId "14114062"]
[BlackFideId "2063620"]
[EventDate "2025.07.01"]

1. d4 d5 2. Nf3 Nf6 3. c4 c6 4. cxd5 cxd5 5. Nc3 Nc6 6. Bg5 Ne4 7. Bd2 Qb6 8.
Nxd5 Qd8 9. Nc3 Nxd2 10. Qxd2 e6 11. e4 Bd6 12. Bd3 O-O 13. Rd1 e5 14. d5 Ne7
15. O-O a6 16. Rc1 Ng6 17. Ne2 Qe7 18. Qe3 b5 19. Nd2 Bb8 20. Qc5 Qg5 21. Nf3
Qf6 22. Qc6 Qxc6 23. Rxc6 Bd7 24. Rc2 Bd6 25. Rfc1 h6 26. Nd2 a5 27. Nb3 Rfb8
28. Nc5 Be8 29. Ng3 Ne7 30. Nf5 Nxf5 31. exf5 Kf8 32. Ne4 Rd8 33. Nxd6 Rxd6 34.
Rc5 Rad8 35. Be4 Rb8 36. g4 Ke7 37. h4 Kf6 38. Kg2 Bd7 39. Kg3 Ke7 40. g5 hxg5
41. hxg5 Rh8 42. Rc7 Rh5 43. Kg4 Rh2 44. Kf3 Rh3+ 45. Ke2 Rh5 46. Rg1 Kd8 47.
Rc5 Rb6 48. Ke3 Ke7 49. Rcc1 Kd6 50. f3 Rh2 51. Rc2 Rh8 52. Rgc1 b4 53. Rg2 Rh3
54. Rgc2 Rh4 55. Rg1 Rf4 56. g6 Bxf5 57. gxf7 Bxe4 58. fxe4 Rxf7 59. Rg6+ Rf6
60. Rxg7 Rh6 61. Rcg2 Rh3+ 62. R2g3 Kc5 63. Rxh3 b3 64. a3 Kb5 65. Rc7 Ka4 66.
Rc3 Rg6 67. Rf3 Rh6 68. Rf2 Rh3+ 69. Kd2 Rh1 70. Rc4+ Kb5 71. Rc8 Rb1 72. Kd3
Ka4 73. Rc4+ Kb5 74. a4+ Kb6 75. Rc6+ Kb7 76. Rd2 Rh1 77. Re6 Rh3+ 78. Kc4 Re3
79. Rxe5 Kb6 80. Rf2 Kc7 81. Rf6 Kd8 82. Rf7 Re1 83. Rh5 Rc1+ 84. Kb5 Ke8 85.
Ra7 Rc2 86. Rh8# 1-0

[Event "Titled Tue 1st Jul Early"]
[Site "chess.com INT"]
[Date "2025.07.01"]
[Round "7"]
[White "Bozorov, Javohir"]
[Black "Hayrapetyan, Edgar"]
[Result "1-0"]
[WhiteTitle "FM"]
[BlackTitle "FM"]
[WhiteElo "2039"]
[BlackElo "2161"]
[WhiteFideId "14216957"]
[BlackFideId "13313568"]
[EventDate "2025.07.01"]

1. d4 g6 2. Nf3 Bg7 3. Bf4 d6 4. h4 h6 5. c3 Nf6 6. Nbd2 c5 7. e4 cxd4 8. cxd4
Nc6 9. Bd3 Bg4 10. Qb3 O-O 11. Qxb7 Rc8 12. O-O e5 13. Be3 Bd7 14. dxe5 dxe5 15.
a3 Rc7 16. Qb3 Be6 17. Qc2 Nb4 18. axb4 Rxc2 19. Bxc2 Qb8 20. Bc5 Rc8 21. Bd3
Nd7 22. Bxa7 Qxb4 23. Rfb1 Bf8 24. Be3 Bc5 25. Nf1 Kg7 26. b3 Bxe3 27. Nxe3 Nc5
28. Bc2 Nxe4 29. Bxe4 Qxe4 30. b4 Rb8 31. b5 Qf4 32. b6 Qe4 33. Rb2 Qb7 34. Rab1
Rc8 35. Nxe5 Rd8 36. N5c4 Bxc4 37. Nxc4 Qe4 38. b7 Qxc4 39. b8=Q Rxb8 40. Rxb8
Qxh4 41. R8b4 Qe7 42. R4b3 h5 43. Re3 Qc7 44. Rbe1 g5 45. Re7 Qb6 46. Rd7 Kg6
47. Ree7 f6 48. Re1 h4 49. Rde7 g4 50. R7e3 Kg5 51. Re8 f5 52. Rg8+ Kf4 53. Rh8
g3 54. Rf1 Kg4 55. Rg8+ Kh5 56. Rf8 Qe6 57. fxg3 hxg3 58. R8xf5+ Kg6 59. R5f4
Qe3+ 60. Kh1 Qd2 61. Rg4+ Kh5 62. Rxg3 Kh4 63. Rh3+ Kg4 64. Rhf3 Qh6+ 65. Kg1
Qb6+ 66. Kh1 Qh6+ 67. Rh3 Qd2 68. Rff3 Qc1+ 69. Kh2 Qc7+ 70. Rfg3+ Kf5 71. Rh5+
Kf4 72. Rh4+ Kf5 73. Kh3 Qc1 74. Rf3+ Kg5 75. Rg4+ Kh5 76. Rf5+ Kh6 77. Rfg5
Qh1+ 78. Kg3 Qe1+ 79. Kf3 Qd1+ 80. Kf2 Qd2+ 81. Kg1 Qc1+ 82. Kh2 Qc7+ 83. Rg3
Qb8 84. Rg8 Qb2 85. Rh3# 1-0

[Event "Titled Tue 1st Jul Early"]
[Site "chess.com INT"]
[Date "2025.07.01"]
[Round "7"]
[White "Soza de la Carrera, Jose"]
[Black "Mayta Aiza, Maveric"]
[Result "1-0"]
[WhiteTitle "CM"]
[BlackTitle "CM"]
[WhiteElo "2221"]
[BlackElo "2180"]
[WhiteFideId "3401278"]
[BlackFideId "3307336"]
[EventDate "2025.07.01"]

1. d4 d5 2. c4 e6 3. g3 g6 4. Nf3 Bg7 5. Bg2 Nf6 6. O-O O-O 7. Qc2 b6 8. Rd1 Bb7
9. cxd5 exd5 10. Bf4 Na6 11. Nc3 Re8 12. Ne5 Ne4 13. Nxe4 dxe4 14. Rac1 Qd5 15.
a3 Rad8 16. h4 Rd6 17. e3 h6 18. Bf1 Qe6 19. Bc4 Rd5 20. Bxd5 Qxd5 21. Qc4 g5
22. Qxd5 Bxd5 23. hxg5 hxg5 24. Bxg5 f6 25. Bf4 fxe5 26. dxe5 c6 27. b4 Nc7 28.
Kg2 Bxe5 29. Bxe5 Rxe5 30. Rh1 Re7 31. Rh6 Ne6 32. Rch1 Kf7 33. Rh8 Ng7 34. R1h4
Rc7 35. Rf4+ Kg6 36. Rff8 a5 37. bxa5 bxa5 38. Ra8 Be6 39. Rh4 c5 40. Rxa5 Nf5
41. Rf4 Nd6 42. Kf1 c4 43. Ke1 c3 44. Kd1 Bb3+ 45. Kc1 Nc4 46. Ra6+ Kg5 47. Rxe4
Nb2 48. Rd4 Nc4 49. Ra8 Nb2 50. Ra5+ Kf6 51. Rb5 Be6 52. Rxb2 cxb2+ 53. Kxb2
Rb7+ 54. Kc3 Rh7 55. g4 Ke5 56. f4+ Kf6 57. g5+ Kf5 58. Ra4 Rh3 59. Ra5+ Kg4 60.
Re5 Bf5 61. Kd4 Rh1 62. e4 Bc8 63. g6 Kxf4 64. Re8 Rd1+ 65. Kc5 Ba6 66. g7 Rc1+
67. Kb6 Bc4 68. g8=Q Bxg8 69. Rxg8 Kxe4 70. Rd8 Rb1+ 71. Ka5 Rb7 72. a4 Ke5 73.
Ka6 Rb4 74. a5 Ke6 75. Ka7 Ke7 76. Rd3 Rb2 77. a6 Rb5 78. Rh3 Kd7 79. Rh7+ Kc8
80. Rb7 Ra5 81. Rb2 Rc5 82. Kb6 Rh5 83. a7 Rh6+ 84. Kc5 Rh5+ 85. Kd4 Ra5 86.
Rb8+ Kc7 87. a8=Q 1-0

[Event "Titled Tue 1st Jul Early"]
[Site "chess.com INT"]
[Date "2025.07.01"]
[Round "7"]
[White "Shubenkova, Veronika"]
[Black "Villa Tornero, Alex"]
[Result "0-1"]
[WhiteTitle "WFM"]
[BlackTitle "FM"]
[WhiteElo "2031"]
[BlackElo "2282"]
[WhiteFideId "44124040"]
[BlackFideId "54501091"]
[EventDate "2025.07.01"]

1. e4 Nf6 2. e5 Nd5 3. c4 Nb6 4. d4 d6 5. exd6 cxd6 6. Nc3 g6 7. Nf3 Bg7 8. h3
O-O 9. Be2 Nc6 10. b3 Bf5 11. a3 d5 12. c5 Nd7 13. Bg5 Be4 14. Rc1 Qa5 15. O-O
Bxf3 16. Bxf3 Nxd4 17. Nxd5 e6 18. Bd2 Nxf3+ 19. Qxf3 Qxd2 20. Ne7+ Kh8 21. Rcd1
Ne5 22. Qxb7 Qf4 23. c6 Rab8 24. Qxa7 Nf3+ 25. gxf3 Be5 26. Rfe1 Qh2+ 27. Kf1
Qxh3+ 28. Ke2 Rxb3 29. Qc5 Qxf3+ 30. Kf1 Qh1+ 31. Ke2 Rb2+ 32. Rd2 Qh5+ 33. f3
Qh2+ 34. Kf1 Qh1+ 35. Ke2 Qg2+ 36. Qf2 Rxd2+ 37. Kxd2 Qxf2+ 38. Re2 Qd4+ 39. Ke1
Qc3+ 40. Kf1 Qc1+ 41. Kg2 Qc5 42. Nxg6+ hxg6 43. f4 Bf6 44. Kg3 Kg7 45. Rh2 Qxc6
46. Re2 Qd5 47. Kg4 Qf5+ 48. Kf3 Rh8 49. Re3 Rh3+ 50. Ke2 Qb5+ 51. Kf2 Bd4 52.
Kg2 Rxe3 53. a4 Qxa4 54. f5 exf5 55. Kh2 Qc4 56. Kg2 Qe2+ 57. Kh1 Qg4 58. Kh2
Rg3 59. Kh1 Ba7 60. Kh2 Bb8 61. Kh1 Kf6 62. Kh2 Ke5 63. Kh1 Kd6 64. Kh2 f4 65.
Kh1 Kc7 66. Kh2 Kb7 67. Kh1 Ka8 68. Kh2 Ka7 69. Kh1 Ka6 70. Kh2 Ka5 71. Kh1 Ka4
72. Kh2 Ka3 73. Kh1 Ka2 74. Kh2 Ka1 75. Kh1 Kb1 76. Kh2 Kb2 77. Kh1 Kb3 78. Kh2
Kc3 79. Kh1 Kc2 80. Kh2 Kc1 81. Kh1 Kd1 82. Kh2 Kd2 83. Kh1 Kd3 84. Kh2 Kd4 85.
Kh1 Kd5 86. Kh2 g5 87. Kh1 Ke4 88. Kh2 Kf5 89. Kh1 Kg6 90. Kh2 Kg7 91. Kh1 Kg8
92. Kh2 Kf8 93. Kh1 Ke8 94. Kh2 Kd7 95. Kh1 Kc6 96. Kh2 Kb5 97. Kh1 Kb4 98. Kh2
Kc3 99. Kh1 Kc2 100. Kh2 Kd1 101. Kh1 Ke1 102. Kh2 Qf5 103. Kh1 Kf1 104. Kh2 Qg6
105. Kh1 f5 106. Kh2 g4 107. Kh1 f3 108. Kh2 f2 109. Kh1 Ke2 110. Kh2 Kf3 111.
Kh1 Kf4 112. Kh2 Qg8 113. Kh1 Rg1+ 114. Kh2 Ke3# 0-1

[Event "Titled Tue 1st Jul Early"]
[Site "chess.com INT"]
[Date "2025.07.01"]
[Round "7"]
[White "Ismagilov, Damir"]
[Black "Dyachuk, Artem"]
[Result "0-1"]
[WhiteTitle "CM"]
[BlackTitle "FM"]
[WhiteElo "2173"]
[BlackElo "2305"]
[WhiteFideId "34199982"]
[BlackFideId "34107924"]
[EventDate "2025.07.01"]

1. d4 Nf6 2. c4 g6 3. Nc3 Bg7 4. e3 d6 5. Nf3 O-O 6. b4 c5 7. a3 cxd4 8. exd4 e5
9. Be2 e4 10. Ng5 Re8 11. h4 h6 12. Nh3 d5 13. c5 Nc6 14. Be3 Ne7 15. g4 a6 16.
Nf4 Qd7 17. Rg1 Nh7 18. Qd2 g5 19. Nh5 f6 20. b5 Ng6 21. Rc1 Kh8 22. Nxg7 Kxg7
23. h5 Nh4 24. Rg3 f5 25. gxf5 Qxf5 26. bxa6 bxa6 27. Qa2 Nf6 28. c6 Nf3+ 29.
Bxf3 exf3 30. Qc2 Qxc2 31. Rxc2 Nxh5 32. Rg1 Bf5 33. Rc1 Be6 34. Kd2 Rab8 35.
Bxg5 hxg5 36. Rxg5+ Kh6 37. Re5 Nf6 38. Rce1 Bf7 39. c7 Rbc8 40. Re7 Rxe7 41.
Rxe7 Kg7 42. Na4 Ne8 43. Nb6 Rxc7 44. Nxd5 Rc4 45. Ke3 Kf8 46. Re5 Ra4 47. Kxf3
Rxa3+ 48. Kf4 Ra2 49. f3 Ng7 50. Nc7 a5 51. d5 Rd2 52. Ke3 Rd1 53. f4 a4 54. Re4
Nf5+ 55. Kf2 a3 56. Ra4 Rd2+ 57. Ke1 Rd3 58. Ra8+ Kg7 59. Nb5 Re3+ 60. Kd2 Rb3
61. Nxa3 Bxd5 62. Nc2 Bf7 63. Ra5 Rh3 64. Rxf5 Rh2+ 65. Kc3 Bg6 66. Rg5 Rxc2+
67. Kd4 Kf6 68. Ra5 Re2 69. Re5 Rd2+ 70. Ke3 Rd3+ 71. Kf2 Ra3 72. Rb5 Be4 73.
Re5 Bc6 74. Rc5 Bd7 75. Ke2 Bg4+ 76. Kd2 Rf3 77. f5 Bxf5 78. Ke2 Ra3 79. Kd2 Be6
80. Rb5 Ke7 81. Re5 Kd6 82. Rh5 Bd5 83. Ke2 Kc5 84. Rh8 Kd4 85. Rd8 Ra2+ 86. Kd1
Ke4 87. Kc1 Rh2 88. Kb1 Bc4 89. Kc1 Bd3 90. Re8+ Kd4 91. Rc8 Ke3 92. Re8+ Be4
93. Rd8 Rc2+ 94. Kd1 Rc6 95. Ke1 Rc1+ 96. Rd1 Rc2 97. Rd8 Re2+ 98. Kd1 Rh2 99.
Kc1 Bd3 100. Re8+ Kd4 101. Rd8+ Kc3 102. Rc8+ Bc4 103. Rd8 Ra2 104. Rb8 Rf2 105.
Rd8 Rf3 106. Rd7 Rf1+ 107. Rd1 Rf8 108. Rd7 Ra8 109. Rd6 Ra1# 0-1

[Event "Titled Tue 1st Jul Early"]
[Site "chess.com INT"]
[Date "2025.07.01"]
[Round "7"]
[White "Volovich, Vasily"]
[Black "Samunenkov, Ihor"]
[Result "0-1"]
[WhiteTitle "FM"]
[BlackTitle "GM"]
[WhiteElo "2177"]
[BlackElo "2555"]
[WhiteFideId "34169676"]
[BlackFideId "14187086"]
[EventDate "2025.07.01"]

1. e4 c6 2. Nf3 d5 3. Nc3 dxe4 4. Nxe4 Nf6 5. Nxf6+ exf6 6. Bc4 Be7 7. O-O O-O
8. Re1 Bg4 9. h3 Bh5 10. d4 Nd7 11. Bf4 Nb6 12. Bd3 Nd5 13. Bg3 Re8 14. c3 a5
15. a4 Qb6 16. Qc2 Bg6 17. Re2 Bf8 18. Rae1 Rxe2 19. Rxe2 Bxd3 20. Qxd3 Qb3 21.
Qc2 Qc4 22. Re1 b5 23. Nd2 Qxa4 24. Qxa4 bxa4 25. c4 Nb4 26. Nf3 Nd3 27. Re2 a3
28. bxa3 a4 29. d5 cxd5 30. cxd5 Rd8 31. d6 g6 32. Re4 Nc5 33. Rc4 Ne6 34. Rxa4
Bxd6 35. Bxd6 Rxd6 36. Kf1 Nc5 37. Rc4 Nd3 38. Rd4 Rxd4 39. Nxd4 Nb2 40. Ke2 Kf8
41. Kd2 Ke7 42. Kc2 Nc4 43. Kb3 Nd2+ 44. Kb4 Kd6 45. a4 Ne4 46. f3 Nc5 47. a5
Kd5 48. Nb5 Na6+ 49. Ka4 Kc5 50. Nc3 f5 51. Ne2 Kc4 52. Nf4 Nc5+ 53. Ka3 Kb5 54.
Nd5 Kxa5 55. Nf6 h5 56. Ne8 Kb5 57. Nd6+ Kc6 58. Nxf7 Nd3 59. Kb3 Kd5 60. Kc3
Nf4 61. g3 Nxh3 62. Kd2 f4 63. gxf4 Ke6 64. Nd8+ Kf5 65. Ke3 Nxf4 66. Nc6 Nd5+
67. Kf2 Kf4 68. Nd4 Nc7 69. Ne2+ Kf5 70. Kg3 Ne6 71. Nc3 g5 72. Ne4 h4+ 73. Kf2
Kf4 74. Nf6 Nd4 75. Nd5+ Ke5 76. Ne3 Nf5 77. Nc4+ Kf4 78. Nb6 Ne3 79. Nd7 Nc4
80. Nf6 Nb6 81. Nh5+ Kf5 82. Ng7+ Kf6 83. Ne8+ Ke5 84. Nc7 Nd5 85. Nb5 Nf4 86.
Na3 Nd3+ 87. Ke3 Nb4 88. Kf2 Nd5 89. Nc4+ Kf5 90. Nd6+ Kg6 91. Nb5 Nf6 92. Nd4
Nh5 93. Kg2 Nf4+ 94. Kf2 Kf6 95. Nc6 Kf5 96. Nd4+ Ke5 97. Nc6+ Kd6 98. Nb4 Kc5
99. Nc2 Kc4 100. Ne3+ Kd3 101. Nf5 Kd2 102. Nd6 Nd3+ 103. Kg2 Ke3 104. Ne4 Ne1+
105. Kh3 Kf4 106. Nf6 Nxf3 107. Nh5+ Kf5 108. Ng7+ Kg6 109. Ne8 Ne5 110. Nd6 Kh5
111. Nf5 g4+ 112. Kh2 Kg5 113. Nd4 Nf3+ 114. Nxf3+ gxf3 115. Kh3 Kf4 116. Kh2
Ke3 117. Kh3 f2 118. Kh2 Ke2 119. Kg2 f1=Q+ 120. Kh2 Qf3 121. Kg1 h3 122. Kh2
Qg2# 0-1

[Event "Titled Tue 1st Jul Early"]
[Site "chess.com INT"]
[Date "2025.07.01"]
[Round "7"]
[White "Punin, Andrii"]
[Black "Dubnevych, Maksym"]
[Result "0-1"]
[WhiteTitle "FM"]
[BlackTitle "FM"]
[WhiteElo "2289"]
[BlackElo "2296"]
[WhiteFideId "14112639"]
[BlackFideId "14184001"]
[EventDate "2025.07.01"]

1. e4 a6 2. d4 g6 3. Bd3 Bg7 4. c3 d6 5. f4 c5 6. Nf3 cxd4 7. cxd4 Nf6 8. Nc3
O-O 9. O-O b5 10. e5 dxe5 11. fxe5 Nd5 12. Qe1 Nc6 13. Qh4 Nxc3 14. bxc3 f6 15.
Bh6 Be6 16. a4 Rb8 17. axb5 axb5 18. Be4 Bd5 19. Bxg7 Kxg7 20. exf6+ exf6 21.
Bxd5 Qxd5 22. Rfe1 Rf7 23. Re3 b4 24. cxb4 Nxb4 25. Rb1 Nc2 26. Rxb8 Nxe3 27.
Qf4 Nf5 28. Re8 Qc6 29. Re1 Rd7 30. Qe4 Qc3 31. h3 Re7 32. Qb1 Rxe1+ 33. Qxe1
Qxe1+ 34. Nxe1 Nxd4 35. Kf2 h5 36. Nd3 Kh6 37. h4 Ne6 38. g3 Kg7 39. Kf3 Nd4+
40. Ke3 Nf5+ 41. Kf4 Nh6 42. Nf2 Kf7 43. Ne4 Ke6 44. Nc5+ Kd6 45. Ne4+ Ke6 46.
Nc5+ Ke7 47. Ne4 Ng4 48. Nc5 Kd6 49. Ne4+ Kd5 50. Nc3+ Kd4 51. Nb5+ Kd5 52. Nc3+
Ke6 53. Nb5 Ne5 54. Nd4+ Kd5 55. Nb5 Nd3+ 56. Ke3 Nc5 57. Nc7+ Ke5 58. Nb5 Ne4
59. Kf3 Nd2+ 60. Ke3 Nc4+ 61. Kf3 f5 62. Nc3 Nd2+ 63. Kg2 Ne4 64. Ne2 Kf6 65.
Nf4 Nc5 66. Kf3 Ne6 67. Ne2 Ke5 68. Ke3 Nc7 69. Kf3 Nd5 70. Nc1 Kd4 71. Ne2+ Ke5
72. Nc1 Kf6 73. Nd3 Nc3 74. Nf4 Ne4 75. Nd5+ Ke5 76. Nf4 Kf6 77. Nd5+ Kg7 78.
Nf4 Nf6 79. Ne6+ Kh6 80. Nf4 g5 81. hxg5+ Kxg5 82. Ne6+ Kg6 83. Nf4+ Kh6 84. Ne6
Nd5 85. Nd4 Kg5 86. Ne6+ Kf6 87. Nd4 Nc3 88. Kf4 Nd5+ 89. Kf3 Ne7 90. Ne2 Ng6
91. Nd4 Kg5 92. Ne2 Kf6 93. Nd4 Kg5 94. Ne6+ Kh6 95. Nd4 Ne7 96. Kf4 Kg6 97. Kf3
Kg5 98. Ne6+ Kh6 99. Nd4 Kg6 100. Kf4 Kf6 101. Kf3 Ng6 102. Ne2 Kg5 103. Nd4
Ne5+ 104. Kg2 Kg4 105. Ne6 Nc4 106. Nf4 Ne3+ 107. Kf2 Nd1+ 108. Kg2 Nc3 109. Kf2
Ne4+ 110. Kg2 Nxg3 111. Nd3 Ne4 112. Ne5+ Kg5 113. Nf3+ Kf4 114. Nh4 Nf6 115.
Ng6+ Kg5 116. Ne5 f4 117. Kh3 Kf5 118. Nf3 Ke4 119. Ng5+ Ke3 120. Kg2 Ke2 121.
Nf3 Ng4 122. Ng1+ Ke3 123. Nf3 Nf2 124. Ng5 Ne4 125. Nf3 Nd2 126. Ng5 f3+ 0-1